header

The gingerbread man (Record no. 263319)

MARC details
000 -LEADER
fixed length control field 00227nam a22000977a 4500
020 ## - INTERNATIONAL STANDARD BOOK NUMBER
ISBN 0590972197
100 ## - MAIN ENTRY--AUTHOR NAME
Personal name Aylesworth, Jim.
245 ## - TITLE STATEMENT
Title The gingerbread man
260 ## - PUBLICATION, DISTRIBUTION, ETC. (IMPRINT)
Place of publication New York
Name of publisher Scholastic Press
Year of publication 1998.
942 ## - ADDED ENTRY ELEMENTS (KOHA)
Koha item type Long Loan Books
Holdings
Withdrawn status Lost status Collection code Home library Current library Shelving location Date acquired Accession Number Koha item type
    Fiction Rongo University Library Rongo University Library Children's Area 08/03/2024 CL7832021 Long Loan Books

© 2026 Rongo University
Contact us: librarian | system librarian | Rongo university